| 000 | 01000cam a2200313 i 4500 | ||
|---|---|---|---|
| 999 |
_c200449003 _d67215 |
||
| 003 | TR-AnTOB | ||
| 005 | 20220610090823.0 | ||
| 007 | ta | ||
| 008 | 060119s2005 tu 000 0 tur d | ||
| 020 | _a9752201407 | ||
| 020 | _a9789752201408 | ||
| 040 |
_aTVK _cTVK _dTVG _dSULEY _beng _erda _eTR-AnTOB |
||
| 041 | 0 | _atur | |
| 050 | 0 | 0 |
_aJZ1318 _b.B858 2005 |
| 090 |
_aJZ1318 _b.B858 2005 |
||
| 100 | 1 |
_aBulut, Arslan, _9137376 _d1959- _eauthor |
|
| 245 | 1 | 0 |
_aKüresel haçlı seferi : _b(küreselleşme, GOP, NATO, küresel işgal ve avrasyacılık) / _cArslan Bulut. |
| 264 | 1 |
_aAnkara: _bBilgi Yayınevi, _c2005. |
|
| 300 |
_a237 pages ; _c21 cm |
||
| 336 |
_2rdacontent _atext _btxt |
||
| 337 |
_2rdamedia _aunmediated _bn |
||
| 338 |
_2rdacarrier _avolume _bnc |
||
| 490 | 0 |
_aBir millet uyanıyor dizisi ; _v5 |
|
| 650 | 0 | 7 |
_aKüreselleşme _96921 |
| 650 | 0 | 0 |
_aDünya politikası _96466 |
| 651 | 0 |
_98950 _aTürkiye _xSiyaset ve yönetim _y1980- |
|
| 942 |
_2lcc _cBK |
||